[Event "Open Semana Santa 2023"]
[Site "?"]
[Date "2023.04.07"]
[Round "4.69"]
[White "FM Fernandez Siles, Luis"]
[Black "Marin Bellon, Federico"]
[Result "1-0"]
[WhiteElo "2222"]
[BlackElo "1950"]
[PlyCount "69"]

1. e4 c6 2. d4 d5 3. e5 c5 4. dxc5 e6 5. a3 Bxc5 6. b4 Bb6 7. Nf3 Ne7 8. Bd3 a5
9. b5 Nd7 10. O-O Qc7 11. Re1 Nc5 12. a4 Nxd3 13. cxd3 O-O 14. d4 f6 15. Ba3
fxe5 16. Nxe5 Rf6 17. Bxe7 Qxe7 18. Nc3 Bd7 19. Ng4 Qf8 20. Nxf6+ Qxf6 21. Re5
Rc8 22. Ne2 Rc4 23. f4 Be8 24. Rc1 Bg6 25. Kh1 h6 26. Rxc4 dxc4 27. d5 exd5 28.
Qxd5+ Qf7 29. Re8+ Kh7 30. Qxf7 Bxf7 31. Re7 Bh5 32. Rxb7 Bxe2 33. Rxb6 Bd1 34.
Rc6 Bxa4 35. Rc5 1-0

[Event "Open Semana Santa 2023"]
[Site "?"]
[Date "2023.04.07"]
[Round "4.70"]
[White "Lozano Freras, Sergio"]
[Black "CM Ribera Veganzones, Josep Maria"]
[Result "1/2-1/2"]
[WhiteElo "1960"]
[BlackElo "2221"]
[PlyCount "67"]

1. d4 Nf6 2. c4 g6 3. Nc3 Bg7 4. e4 d6 5. h3 O-O 6. Be3 Nc6 7. d5 Ne5 8. f4
Ned7 9. g4 c6 10. Nf3 cxd5 11. cxd5 b5 12. a3 Bb7 13. Nd4 Nc5 14. Bg2 e6 15.
Nc6 Qe8 16. Kf2 exd5 17. exd5 Nfe4+ 18. Nxe4 Nxe4+ 19. Bxe4 Qxe4 20. Qd2 Bxc6
21. dxc6 Qxc6 22. Rac1 Qb7 23. Bd4 Bxd4+ 24. Qxd4 Rfe8 25. Rhe1 Rxe1 26. Rxe1
Rc8 27. Re2 Qc7 28. Qf6 Qc5+ 29. Kg3 Qg1+ 30. Kh4 d5 31. Re7 Rf8 32. Kg5 Qb6
33. Qxb6 axb6 34. Rd7 1/2-1/2

[Event "Open Semana Santa 2023"]
[Site "?"]
[Date "2023.04.07"]
[Round "4.71"]
[White "FM Hernandez Leon, Alberto"]
[Black "Mikalsen, Harald"]
[Result "1-0"]
[WhiteElo "2218"]
[BlackElo "1947"]
[PlyCount "53"]

1. d4 Nf6 2. c4 e6 3. Nf3 b6 4. g3 Bb7 5. Bg2 Be7 6. O-O O-O 7. Re1 Ne4 8. Nfd2
d5 9. Qc2 f5 10. Nc3 Nc6 11. e3 Nxd2 12. Bxd2 dxc4 13. Ne2 Na5 14. Bxb7 Nxb7
15. Qxc4 Qd7 16. Nf4 Rf6 17. Bc3 Bd6 18. d5 Bxf4 19. Bxf6 exd5 20. Rad1 c6 21.
Qxf4 gxf6 22. g4 Kf7 23. gxf5 Qd6 24. Qh4 Rg8+ 25. Kh1 Qe5 26. e4 d4 27. Rg1
1-0

[Event "Open Semana Santa 2023"]
[Site "?"]
[Date "2023.04.07"]
[Round "4.72"]
[White "Hurtado Rueda, Manuel"]
[Black "Perea Fruet, Lorenzo"]
[Result "1/2-1/2"]
[WhiteElo "1951"]
[BlackElo "2217"]
[PlyCount "130"]

1. e4 c5 2. Bc4 e6 3. Qe2 a6 4. a4 Nc6 5. c3 Nf6 6. d4 cxd4 7. Nf3 Nxe4 8. Qxe4
d5 9. Bxd5 Qxd5 10. Qxd5 exd5 11. Nxd4 Nxd4 12. cxd4 g6 13. O-O Bg7 14. Be3 Be6
15. Rc1 Kd7 16. Ra3 Rhc8 17. Rac3 h6 18. Kf1 g5 19. Ke2 Rxc3 20. Rxc3 Re8 21.
Na3 f5 22. f4 Bf7 23. Kf1 Re4 24. fxg5 hxg5 25. Bxg5 Bxd4 26. Rc2 Be5 27. Re2
Bxh2 28. Rxe4 fxe4 29. Bf6 Ke6 30. Bc3 Be8 31. Nc2 Bxa4 32. Nd4+ Kf7 33. Kf2
Bf4 34. Ne2 Bg5 35. g3 Ke7 36. Nf4 Kd6 37. Bd4 Bd7 38. Ng6 a5 39. Nf4 b5 40.
Ke3 a4 41. Kd2 b4 42. Kc2 Be8 43. Nh3 Bd8 44. Nf2 Bd7 45. Nd1 Kc6 46. Ne3 Bc7
47. g4 Bf4 48. Nf5 Kb5 49. b3 axb3+ 50. Kxb3 Bxf5 51. gxf5 e3 52. f6 e2 53. Bf2
d4 54. f7 Bh6 55. Be1 d3 56. Bxb4 Kc6 57. Kc4 d2 58. Bxd2 Bxd2 59. f8=Q e1=Q
60. Qc8+ Kd6 61. Qd8+ Kc6 62. Qc8+ Kb6 63. Qb8+ Ka6 64. Qa8+ Kb6 65. Qb8+ Kc6
1/2-1/2

[Event "Open Semana Santa 2023"]
[Site "?"]
[Date "2023.04.07"]
[Round "4.73"]
[White "FM Yurkovskiy, Ivan"]
[Black "Alvarez Morales, Miguel"]
[Result "1-0"]
[WhiteElo "2216"]
[BlackElo "1924"]
[PlyCount "73"]

1. d4 Nf6 2. b3 c5 3. d5 e6 4. dxe6 fxe6 5. g3 d5 6. Bg2 Nc6 7. Bb2 Be7 8. e3
O-O 9. Nf3 b5 10. O-O a5 11. a4 b4 12. Re1 Qb6 13. Nbd2 Rd8 14. Qc1 Ba6 15. Bh3
Rd6 16. e4 Nxe4 17. Nxe4 dxe4 18. Rxe4 Rf8 19. Qe3 Nd8 20. Ne5 Bf6 21. Re1 Qc7
22. f4 Rd5 23. g4 Bh4 24. Rf1 Bxf1 25. Bxf1 Rd1 26. Kg2 Re1 27. Be2 g5 28. Nf3
gxf4 29. Qd3 Rb1 30. Be5 Qe7 31. Bd6 Qg7 32. Nxh4 f3+ 33. Nxf3 Re8 34. Bxc5 Nf7
35. Qd7 Rd8 36. Qxe6 Rc1 37. Qe8+ 1-0

[Event "Open Semana Santa 2023"]
[Site "?"]
[Date "2023.04.07"]
[Round "4.74"]
[White "Correas Gonzalez, Jose Ramon"]
[Black "Bermejo Martinez, Jorge"]
[Result "0-1"]
[WhiteElo "1942"]
[BlackElo "2215"]
[PlyCount "81"]

1. e4 c5 2. Nf3 a6 3. c3 g6 4. d4 cxd4 5. cxd4 d5 6. e5 Nc6 7. Nc3 Bg4 8. Be2
e6 9. Be3 Nge7 10. O-O Nf5 11. Qd2 b5 12. Rac1 Qb6 13. Rfd1 Be7 14. h3 Bxf3 15.
Bxf3 O-O 16. a4 Nxe3 17. Qxe3 Na5 18. b3 Ba3 19. Rc2 Rac8 20. Bxd5 exd5 21.
Nxd5 Qb7 22. Nf6+ Kg7 23. Nh5+ Kh8 24. Qh6 Rg8 25. Nf6 Rg7 26. Rxc8+ Qxc8 27.
d5 Be7 28. Qd2 Nb7 29. Rc1 Qb8 30. Qf4 Qd8 31. a5 Bxf6 32. exf6 Rg8 33. d6 Qe8
34. Rc7 Nd8 35. Re7 Ne6 36. Qe3 Qf8 37. d7 g5 38. Qe4 g4 39. h4 g3 40. f3 Qh6
41. Qe1 0-1

[Event "Open Semana Santa 2023"]
[Site "?"]
[Date "2023.04.07"]
[Round "4.75"]
[White "Robledo Sanchez, Saul"]
[Black "Revaliente Montoya, Ciro"]
[Result "1/2-1/2"]
[WhiteElo "1931"]
[BlackElo "2203"]
[PlyCount "31"]

1. e4 Nc6 2. Nf3 d6 3. d4 Nf6 4. Nc3 g6 5. Be2 Bg7 6. h3 O-O 7. Be3 e5 8. O-O
Re8 9. dxe5 dxe5 10. Qxd8 Rxd8 11. Rad1 Be6 12. a3 h6 13. Bb5 Na5 14. Nxe5 Nxe4
15. Nxe4 Bxe5 16. b3 1/2-1/2

[Event "Open Semana Santa 2023"]
[Site "?"]
[Date "2023.04.07"]
[Round "4.76"]
[White "Kocharin, Timur"]
[Black "Kita Ruiz, Ichiro"]
[Result "0-1"]
[WhiteElo "2203"]
[BlackElo "1919"]
[PlyCount "97"]
[EventDate "2023.??.??"]

1. d4 Nf6 2. c4 e6 3. Nc3 Bb4 4. e3 b6 5. Nge2 Bb7 6. a3 Bxc3+ 7. Nxc3 Ne4 8.
Nxe4 Bxe4 9. Qg4 Bg6 10. e4 Nc6 11. Be3 Qe7 12. f3 f5 13. exf5 Bxf5 14. Qg3
O-O-O 15. Bg5 Qf7 16. Bxd8 Rxd8 17. Rd1 e5 18. d5 Nd4 19. Bd3 d6 20. Bxf5+ Nxf5
21. Qf2 Rf8 22. O-O h5 23. b4 h4 24. Rfe1 g5 25. h3 Ng3 26. Qe3 Nf5 27. Qe4 Kb8
28. c5 Nd4 29. c6 Qg8 30. Rc1 Rf4 31. Qd3 Qxd5 32. Red1 Qe6 33. a4 Qc8 34. Re1
a6 35. Re4 Rf5 36. Qc4 Ka7 37. a5 b5 38. Qd5 Rf8 39. Rce1 Ne6 40. Qd2 Nf4 41.
Qe3+ Ka8 42. Kf2 Qe8 43. Rc1 Qe6 44. Qd2 Kb8 45. Ke1 Qb3 46. Rc3 Qb1+ 47. Kf2
Qh1 48. Ke3 Qg1+ 49. Qf2 0-1

[Event "Open Semana Santa 2023"]
[Site "?"]
[Date "2023.04.07"]
[Round "4.77"]
[White "CM Balague Camps, Marc"]
[Black "Suarez Hernan, Santiago"]
[Result "0-1"]
[WhiteElo "2197"]
[BlackElo "1917"]
[PlyCount "122"]

1. d4 Nf6 2. c4 e6 3. Nf3 d5 4. Nc3 c6 5. e3 Be7 6. Bd3 dxc4 7. Bxc4 b5 8. Bd3
O-O 9. O-O Bb7 10. b3 a6 11. Bb2 Nbd7 12. Qe2 c5 13. Rad1 Qb6 14. Bb1 Rfd8 15.
Ne5 cxd4 16. exd4 Nf8 17. Rfe1 Rac8 18. a3 Ba8 19. Qe3 a5 20. Ne2 Qb7 21. Qh3
Nd5 22. Be4 Qb6 23. Bb1 Bf6 24. Ng4 Be7 25. Ne5 Bf6 26. Ng4 Be7 27. Qg3 Ng6 28.
Ne5 Bd6 29. Qh3 Nf6 30. Nxg6 hxg6 31. Qh4 Qb7 32. Qh3 Bb8 33. Nc1 Rd5 34. Qf3
Qd7 35. Qe2 Rh5 36. h3 Qd6 37. g3 Rxh3 38. d5 Bxd5 39. Rxd5 Qxd5 40. Be4 Nxe4
41. Qxe4 Qxe4 42. Rxe4 Rc2 43. Nd3 Rh5 44. Bd4 Rd5 45. Ne1 Rc1 46. Kf1 e5 47.
Bb6 f5 48. Re3 a4 49. bxa4 bxa4 50. Kg2 Rb1 51. Rc3 Rxb6 52. Rc8+ Kf7 53. Nf3
Rb2 54. Kh3 e4 55. Ng5+ Kf6 56. Kh4 Rb1 57. Nh7+ Kf7 58. Ng5+ Ke7 59. Kh3 Be5
60. Kg2 Bf6 61. Nh7 Rdd1 0-1

[Event "Open Semana Santa 2023"]
[Site "?"]
[Date "2023.04.07"]
[Round "4.78"]
[White "Bascunana Sanchez, Pablo"]
[Black "CM Ribera Veganzones, Serni"]
[Result "0-1"]
[WhiteElo "1918"]
[BlackElo "2195"]
[Annotator "Usuario"]
[PlyCount "110"]

1. e4 c6 2. d4 d5 3. exd5 cxd5 4. Bd3 Nc6 5. c3 Nf6 6. h3 e5 7. dxe5 Nxe5 8.
Be3 Bd6 9. Nf3 Nxd3+ 10. Qxd3 O-O 11. Nbd2 Re8 12. O-O Ne4 13. Nd4 Qh4 14. N2f3
Qh5 15. Rfd1 Bd7 16. Qe2 Rad8 17. Ne1 Qg6 18. Qf3 Ng5 19. Bxg5 Qxg5 20. Nd3 Re4
21. Re1 Rde8 22. Kf1 g6 23. Rad1 $11 Qh4 24. Re3 Rxe3 25. fxe3 Re4 26. Nf2 Re5
27. Qf4 Qe7 28. Re1 h5 29. Qf3 Rg5 30. e4 Re5 31. Re2 Bc5 32. exd5 Rxe2 33.
Qxe2 Qg5 34. Ne4 Qf4+ 35. Kg1 Bb6 36. Kh1 Bc7 37. g3 Qe5 38. Nf3 Qf5 39. h4 Kg7
40. c4 Qh3+ 41. Kg1 Bf5 42. Nfg5 Qg4 43. Qxg4 hxg4 44. d6 Bd8 45. Nc3 Bb6+ 46.
Kg2 Bd4 47. Nge4 f6 48. b4 Kf7 49. c5 Ke6 50. Kh2 Ke5 51. b5 Bd7 52. a4 f5 53.
Nd2 Bxc3 54. Nc4+ Kd5 55. a5 Kxc5 0-1

[Event "Open Semana Santa 2023"]
[Site "?"]
[Date "2023.04.07"]
[Round "4.79"]
[White "Salvador Buiza, Victor"]
[Black "Ontanon Gomez, Jesus"]
[Result "0-1"]
[WhiteElo "2195"]
[BlackElo "1917"]
[Annotator "Usuario"]
[PlyCount "96"]

1. e4 c5 2. Nc3 d6 3. f4 Nc6 4. Nf3 g6 5. Be2 Bg7 6. O-O e6 7. d3 Nge7 8. Be3
Nd4 9. Qd2 Rb8 10. a4 a6 11. Kh1 b5 12. axb5 axb5 13. Bxd4 cxd4 14. Na2 O-O 15.
Nb4 Qc7 16. Rfc1 Nc6 17. c4 dxc3 18. bxc3 Bb7 19. d4 Na5 20. Ra3 Nc4 21. Bxc4
Qxc4 22. Qe3 Rfc8 23. h3 Ra8 $11 24. Rxa8 Rxa8 25. Nd2 Qc7 26. c4 Ra4 27. Nd3
bxc4 28. Nb2 Ra8 29. Rxc4 Qb6 30. Qc3 Ba6 31. Rb4 Qa7 32. e5 dxe5 33. fxe5 Rc8
34. Nbc4 Bf8 35. Ra4 Qb7 36. Qa1 Bxc4 37. Nxc4 Qb3 38. Nd6 Rc2 39. Qa3 Qb1+ 40.
Kh2 Qf1 41. Qg3 Rc1 42. Qf3 Qg1+ 43. Kg3 Rf1 44. Qe2 Re1 45. Qd2 Re3+ 46. Kh4
Be7+ 47. Kg4 h5+ 48. Kf4 g5# 0-1

[Event "Open Semana Santa 2023"]
[Site "?"]
[Date "2023.04.07"]
[Round "4.80"]
[White "Segura Marsa, Andres"]
[Black "FM Buenafe Moya, Javier"]
[Result "0-1"]
[WhiteElo "1916"]
[BlackElo "2188"]
[PlyCount "106"]

1. e4 e5 2. d4 exd4 3. Qxd4 Nc6 4. Qe3 Nf6 5. Bd2 Bb4 6. a3 Bxd2+ 7. Nxd2 O-O
8. O-O-O Re8 9. f4 d6 10. h3 Nxe4 11. Nxe4 Bf5 12. Bd3 d5 13. g4 Bxe4 14. Bxe4
Rxe4 15. Qf2 Qd6 16. Ne2 Rae8 17. Rd2 Nd8 18. Rf1 c6 19. Ng3 Ra4 20. Re2 Rxe2
21. Qxe2 Ne6 22. f5 Qxg3 23. fxe6 Re4 24. exf7+ Kf8 25. Qf3 Qxf3 26. Rxf3 Re7
27. Kd2 Rxf7 28. Re3 Re7 29. Rf3+ Ke8 30. a4 Re4 31. b3 Ke7 32. Rf5 a5 33. Rh5
h6 34. Rf5 g6 35. Rf3 b5 36. axb5 cxb5 37. Rc3 Kd6 38. Rc8 h5 39. Rg8 Re6 40.
gxh5 gxh5 41. Ra8 Kc5 42. Rxa5 Rg6 43. c4 dxc4 44. bxc4 Kxc4 45. Ra3 Rg2+ 46.
Kc1 Rh2 47. Rf3 b4 48. Kb1 b3 49. Rf4+ Kc3 50. Rf3+ Kb4 51. Re3 h4 52. Kc1 Ka3
53. Kd1 Ka2 0-1

[Event "Open Semana Santa 2023"]
[Site "?"]
[Date "2023.04.07"]
[Round "4.81"]
[White "Sanjuan Segura, Ignacio"]
[Black "Jordan Martinez, Miguel"]
[Result "0-1"]
[WhiteElo "1902"]
[BlackElo "2186"]
[Annotator "Usuario"]
[PlyCount "120"]

1. Nf3 g6 2. c4 Bg7 3. Nc3 d6 4. d4 e5 5. dxe5 dxe5 6. Qxd8+ Kxd8 7. e4 c6 8.
Bg5+ f6 9. O-O-O+ Kc7 10. Be3 Be6 11. Kb1 Nh6 12. h3 Nf7 13. b4 Bh6 14. Bxh6
Nxh6 15. Ne1 Nd7 16. Nc2 a5 17. a3 axb4 18. axb4 Nb6 19. Ne3 Ra3 20. Kb2 Rha8
21. Be2 f5 22. Ra1 Rxa1 23. Rxa1 Rxa1 24. Kxa1 f4 25. c5 fxe3 26. cxb6+ Kxb6
27. fxe3 Nf7 28. Na4+ Kc7 29. Nc5 Bc8 30. Bc4 Nd8 31. Bg8 h6 32. Bh7 g5 33. Bf5
$11 Nf7 34. Ka2 b6 35. Nd3 Ba6 36. Nf2 Be2 37. Kb3 h5 38. g3 h4 39. gxh4 gxh4
40. Kc3 Ng5 41. Kd2 Bf3 42. Kd3 Kd6 43. Kc4 Be2+ 44. Kc3 c5 45. bxc5+ Kxc5 46.
Bg6 b5 47. Kb3 b4 48. Bf5 Bf1 49. Ng4 Bc4+ 50. Kb2 Nxh3 51. Nxe5 Nf2 52. Nf3 h3
53. Nh2 Bd3 54. Bxh3 Nxh3 55. Nf3 Bxe4 56. Nd2 Nf2 57. Nb3+ Kb5 58. Nd4+ Kc4
59. Ne2 Nd1+ 60. Ka1 b3 0-1

[Event "Open Semana Santa 2023"]
[Site "?"]
[Date "2023.04.07"]
[Round "4.82"]
[White "FM Cano Gimenez, Vicente"]
[Black "Arce Gonzalez, Dario"]
[Result "1/2-1/2"]
[WhiteElo "2180"]
[BlackElo "1908"]
[Annotator "Usuario"]
[PlyCount "37"]

1. c4 e6 2. g3 d5 3. Bg2 Nf6 4. Nf3 Bd6 5. O-O O-O 6. d4 h6 7. Nc3 Nc6 8. b3
dxc4 9. bxc4 e5 10. c5 exd4 11. Nxd4 Be5 12. Nxc6 bxc6 13. Bd2 Qe7 14. Rc1 Rd8
15. Qc2 Rb8 16. Bxc6 Qxc5 17. Bg2 Be6 18. Ne4 Qxc2 19. Rxc2 $11 1/2-1/2

[Event "Open Semana Santa 2023"]
[Site "?"]
[Date "2023.04.07"]
[Round "4.83"]
[White "FM Tytynnik, Artem"]
[Black "Lizzul Coppe, Mirko"]
[Result "1-0"]
[WhiteElo "2164"]
[BlackElo "1902"]
[PlyCount "97"]

1. d4 Nf6 2. c4 g6 3. Nc3 d5 4. cxd5 Nxd5 5. e4 Nxc3 6. bxc3 Bg7 7. Nf3 c5 8.
Be2 O-O 9. O-O b6 10. Be3 cxd4 11. cxd4 Bb7 12. Qc2 Nc6 13. Rad1 Rc8 14. Qa4
Na5 15. d5 h6 16. h4 h5 17. Ng5 Qd6 18. Bd2 Bc3 19. Bxc3 Rxc3 20. Qd4 Qc5 21.
Qe5 Nc6 22. Qf4 Nd4 23. Rfe1 Nxe2+ 24. Rxe2 Ba6 25. Red2 Rc4 26. g4 Qd6 27. Qf3
hxg4 28. Qxg4 Bc8 29. Qe2 Qc7 30. d6 exd6 31. Rxd6 Rc6 32. e5 Rc2 33. Qf3 Bb7
34. Qg3 Rc3 35. Qh2 Rc4 36. Qg3 Rc3 37. Qf4 Rc4 38. Qg3 Rc3 39. f3 Qc5+ 40. Kg2
Rc2+ 41. R1d2 Qc3 42. Qf4 Rxd2+ 43. Rxd2 Bc8 44. Ne4 Qc4 45. Qh6 f5 46. Nf6+
Kf7 47. Qh7+ Ke6 48. Rd6+ Kxe5 49. Qe7+ 1-0

[Event "Open Semana Santa 2023"]
[Site "?"]
[Date "2023.04.07"]
[Round "4.84"]
[White "Paragua, Megan Althea"]
[Black "FM Eizaguerri Floris, Maria"]
[Result "1-0"]
[WhiteElo "1900"]
[BlackElo "2161"]
[PlyCount "93"]

1. e4 c5 2. Nf3 d6 3. d4 cxd4 4. Qxd4 Nf6 5. e5 Nc6 6. Bb5 Qa5+ 7. Nc3 Qxb5 8.
Nxb5 Nxd4 9. Nbxd4 dxe5 10. Nxe5 a6 11. c4 g6 12. O-O Bg7 13. Be3 O-O 14. Rad1
Ne4 15. Nd3 Nd6 16. b3 e5 17. Nc2 Nf5 18. Bb6 a5 19. Nc5 Re8 20. Rfe1 Ne7 21.
Na3 Bg4 22. f3 Nc8 23. fxg4 Nxb6 24. Nxb7 Re7 25. Nd6 Nd7 26. Nab5 Nc5 27. Rd5
Ne6 28. c5 Ra6 29. a3 f6 30. g3 Bh6 31. Ne4 Kg7 32. Rd6 Ra8 33. c6 f5 34. Nec3
Ng5 35. Kg2 Nf7 36. Rdd1 Rc8 37. Nd5 Re6 38. c7 Rc6 39. gxf5 Rc2+ 40. Kh1 Ng5
41. f6+ Kf8 42. Ne3 R2xc7 43. Nxc7 Rxc7 44. Rd8+ Kf7 45. Ng4 Nf3 46. Nxh6+ Ke6
47. Re8+ 1-0

[Event "Open Semana Santa 2023"]
[Site "?"]
[Date "2023.04.07"]
[Round "4.85"]
[White "Iglesias Ferreira, Andres"]
[Black "Blazquez Sanz, Oscar"]
[Result "1-0"]
[WhiteElo "2150"]
[BlackElo "1896"]
[PlyCount "97"]

1. e4 e6 2. d4 d5 3. Nd2 c5 4. Ngf3 cxd4 5. exd5 Qxd5 6. Bc4 Qd6 7. O-O Nf6 8.
Nb3 Nc6 9. Nbxd4 Nxd4 10. Nxd4 a6 11. Re1 Be7 12. c3 O-O 13. Qf3 e5 14. Nf5
Bxf5 15. Qxf5 Rfe8 16. Bg5 Bf8 17. Rad1 Qc5 18. Bb3 e4 19. Qxc5 Bxc5 20. Bxf6
gxf6 21. Rd7 Re7 22. Rxe7 Bxe7 23. Rxe4 Bc5 24. Kf1 Rd8 25. Ke2 Rd7 26. Rg4+
Kf8 27. Bc2 h5 28. Rc4 Rd5 29. Be4 Re5 30. f4 b5 31. fxe5 bxc4 32. exf6 Bd6 33.
h3 Be5 34. Bd5 Bxf6 35. Bxc4 a5 36. Kd3 Bd8 37. b4 Ke7 38. Bd5 f6 39. Kc4 Kd6
40. Bf3 h4 41. Kb5 axb4 42. cxb4 Kc7 43. a4 Be7 44. a5 Kb8 45. Ka4 Ka7 46. b5
Bd8 47. b6+ Ka6 48. Be2+ Kb7 49. Kb5 1-0

[Event "Open Semana Santa 2023"]
[Site "?"]
[Date "2023.04.07"]
[Round "4.86"]
[White "Jordan Martinez, David"]
[Black "Bethencourt Hernandez, Alberto"]
[Result "1/2-1/2"]
[WhiteElo "2137"]
[BlackElo "1882"]
[Annotator "Usuario"]
[PlyCount "110"]

1. e4 c5 2. Nf3 Nc6 3. d4 cxd4 4. Nxd4 g6 5. c4 Nf6 6. Nc3 Nxd4 7. Qxd4 d6 8.
Bg5 Bg7 9. Qd2 Be6 10. Bd3 Rc8 11. Nd5 Nxd5 12. exd5 Bd7 13. O-O O-O 14. Rfe1
Re8 15. Re2 f6 16. Bf4 e5 17. dxe6 Bxe6 18. Rae1 Qd7 19. Be4 Bxc4 20. Bd5+ Bxd5
21. Qxd5+ Kh8 22. h3 Rxe2 23. Rxe2 Qc6 24. Qf7 Rf8 25. Qe7 d5 26. Re6 Qc4 27.
Bd6 Qc1+ 28. Re1 Qc6 29. Bc5 h5 30. Re6 Qc8 31. b3 b6 32. Bd4 Qc1+ 33. Re1 Qd2
34. Ba1 Qxa2 35. b4 a5 36. bxa5 bxa5 37. Bd4 Qd2 38. Bc5 Rc8 39. Rb1 Qc3 40.
Rb7 f5 41. Be3 a4 42. g3 a3 43. Bh6 Rg8 44. Ra7 Qa1+ 45. Kg2 a2 46. Bxg7+ Rxg7
47. Qf8+ Kh7 48. Ra8 Rd7 49. Qg8+ Kh6 50. Rxa2 Qg7 51. Qb8 d4 52. g4 fxg4 53.
hxg4 Qf7 54. Qh8+ Kg5 55. Qe5+ Kh6 $11 1/2-1/2

[Event "Open Semana Santa 2023"]
[Site "?"]
[Date "2023.04.07"]
[Round "4.87"]
[White "WFM Yastrebova, Tatiana"]
[Black "Ereza Vizcarra, Fernando"]
[Result "0-1"]
[WhiteElo "1896"]
[BlackElo "2131"]
[PlyCount "48"]

1. d4 d6 2. e4 Nf6 3. Nc3 e5 4. Nf3 Nbd7 5. Bc4 Be7 6. Bxf7+ Kxf7 7. Ng5+ Kg8
8. Ne6 Qe8 9. Nxc7 Qg6 10. Qe2 Rb8 11. Be3 b6 12. O-O-O h6 13. f4 Kh7 14. f5
Qg4 15. Qd3 Bb7 16. h3 Qg3 17. Rdf1 exd4 18. Qxd4 Qe5 19. Qd2 Nxe4 20. Nxe4
Qxe4 21. g4 Rbc8 22. Nb5 Rxc2+ 23. Qxc2 Qxe3+ 24. Kb1 Be4 0-1

[Event "Open Semana Santa 2023"]
[Site "?"]
[Date "2023.04.07"]
[Round "4.88"]
[White "Palomo Monserrat, Lorenzo"]
[Black "Salvador Lopez, Daniel"]
[Result "1/2-1/2"]
[WhiteElo "1890"]
[BlackElo "2128"]
[Annotator "Usuario"]
[PlyCount "132"]
[EventDate "2023.??.??"]

1. d4 d5 2. c4 e6 3. Nc3 c6 4. Nf3 Bd6 5. e4 dxe4 6. Nxe4 Bb4+ 7. Bd2 Bxd2+ 8.
Qxd2 Nf6 9. Nc3 Qc7 10. g3 Nbd7 11. Qe3 O-O 12. Bg2 e5 13. O-O exd4 14. Qxd4
Qb6 15. Qxb6 Nxb6 16. b3 Bf5 17. Rfe1 Rfe8 18. Nd4 Bg6 19. h3 Rad8 20. Rxe8+
Nxe8 21. Rd1 Nc7 22. f4 Ne6 23. Nxe6 Rxd1+ 24. Nxd1 fxe6 25. Nc3 Kf8 26. Be4
Ke7 27. Bxg6 hxg6 28. Kf2 Nd7 29. Ke3 e5 30. fxe5 Nxe5 $11 31. Kf4 Nf7 32. Ne4
b6 33. Ng5 Nd6 34. Nf3 Kf6 35. g4 c5 36. g5+ Ke6 37. Ne5 Nf5 38. Nxg6 Nd4 39.
Ke4 Nc2 40. Nf4+ Kf7 41. Nd5 Kg6 42. Kf4 Kh5 43. Ne7 Nd4 44. Nf5 Ne2+ 45. Ke5
g6 46. Kf6 Nf4 47. Ne7 Nxh3 48. Nxg6 Nxg5 49. Kf5 Nf3 50. Nf4+ Kh4 51. Nd5 Kg3
52. Nc3 Kf2 53. Nb5 a6 54. Nc7 Ke3 55. Nd5+ Kd4 56. Nxb6 Ne1 57. Na4 Nd3 58.
Ke6 Nc1 59. Kd6 Nxa2 60. Nxc5 Kc3 61. Nxa6 Kxb3 62. c5 Nc3 63. c6 Kc4 64. Nc7
Ne4+ 65. Ke5 Kc5 66. Kxe4 Kxc6 1/2-1/2

[Event "Open Semana Santa 2023"]
[Site "?"]
[Date "2023.06.15"]
[Round "4.89"]
[White "Garijo Perez, Hugo"]
[Black "Amoros Moran, Jose Joaquin"]
[Result "1-0"]
[WhiteElo "2125"]
[BlackElo "1871"]
[PlyCount "67"]

1. e4 c5 2. Nf3 Nc6 3. Bb5 a6 4. Bxc6 dxc6 5. O-O Bg4 6. d3 g6 7. h3 Bxf3 8.
Qxf3 Bg7 9. c3 e5 10. a4 a5 11. Rd1 Qc7 12. Be3 b6 13. Na3 Nf6 14. d4 Nd7 15.
d5 O-O 16. dxc6 Qxc6 17. Nb5 Rad8 18. Rd6 Qb7 19. Rad1 f6 20. Qe2 Rf7 21. Qc4
Bf8 22. Rxf6 Nxf6 23. Rxd8 Kg7 24. f3 Rd7 25. Rxd7+ Qxd7 26. Bg5 Ne8 27. Qd5
Qxd5 28. exd5 c4 29. Be3 Bc5 30. Bxc5 bxc5 31. d6 Nf6 32. Nc7 Kf7 33. Kf2 Ne8
34. d7 1-0

[Event "Open Semana Santa 2023"]
[Site "?"]
[Date "2023.04.07"]
[Round "4.90"]
[White "O`cuilleanain, Oisin"]
[Black "Lacomba Piqueras, Andres"]
[Result "1-0"]
[WhiteElo "2122"]
[BlackElo "1807"]
[PlyCount "49"]

1. e4 d6 2. d4 Nf6 3. Nc3 g6 4. Be3 Bg7 5. Qd2 Ng4 6. Bg5 h6 7. Bh4 Nd7 8. Nf3
c5 9. h3 cxd4 10. Nxd4 Ngf6 11. O-O-O a6 12. f4 Nc5 13. Qe3 O-O 14. e5 Nh7 15.
exd6 Qb6 16. dxe7 Re8 17. Nd5 Qa5 18. Bc4 Ne6 19. Nxe6 Bxe6 20. Be1 Qa4 21. Nb6
Qc6 22. Bxe6 Rxe7 23. Bxf7+ Rxf7 24. Nxa8 Qf6 25. Bc3 1-0

[Event "Open Semana Santa 2023"]
[Site "?"]
[Date "2023.04.07"]
[Round "4.91"]
[White "FM Lorscheid, Gerhard"]
[Black "Kyriakidis, Orestis"]
[Result "1/2-1/2"]
[WhiteElo "2112"]
[BlackElo "1727"]
[PlyCount "95"]

1. Nf3 d5 2. c4 e6 3. b3 Nf6 4. Bb2 c5 5. g3 Nc6 6. Bg2 d4 7. O-O e5 8. d3 Bd6
9. e3 O-O 10. exd4 exd4 11. a3 a5 12. Nbd2 Bf5 13. Qc2 Qd7 14. Ng5 Rad8 15.
Rfe1 Ne5 16. Nge4 Nxe4 17. Nxe4 Rfe8 18. f3 b6 19. Re2 Bb8 20. Rae1 Bh3 21. Bh1
h5 22. Nf2 Bf5 23. Bc1 Re6 24. Bf4 Rde8 25. Bxe5 Bxe5 26. f4 Bc7 27. Qd1 Bg4
28. Nxg4 hxg4 29. Rxe6 Rxe6 30. Rxe6 Qxe6 31. Be4 g6 32. Qf1 Qf6 33. f5 Kg7 34.
Qf2 Bd6 35. Kg2 Be7 36. fxg6 Qxf2+ 37. Kxf2 fxg6 38. Bc6 Kf6 39. Bd7 Kg5 40. h3
gxh3 41. Bxh3 Kf6 42. Kf3 Ke5 43. Bd7 Bd8 44. Be8 g5 45. Kg4 Kf6 46. Bc6 Be7
47. Kf3 Ke5 48. Kg4 1/2-1/2

[Event "Open Semana Santa 2023"]
[Site "?"]
[Date "2023.04.07"]
[Round "4.93"]
[White "Garrido Diaz, Ernesto"]
[Black "Sukhodolskyi, Oleksii"]
[Result "1-0"]
[WhiteElo "2106"]
[BlackElo "1699"]
[PlyCount "71"]

1. e4 e6 2. d4 d5 3. Nc3 Bb4 4. Nge2 dxe4 5. a3 Bxc3+ 6. Nxc3 Nf6 7. Bg5 h6 8.
Bxf6 Qxf6 9. Nxe4 Qe7 10. Qd2 Nd7 11. O-O-O O-O 12. g4 e5 13. d5 Nf6 14. Nxf6+
Qxf6 15. Rg1 Rd8 16. Bd3 c6 17. g5 hxg5 18. Rxg5 Rxd5 19. Rdg1 e4 20. Rxg7+
Qxg7 21. Rxg7+ Kxg7 22. Qc3+ f6 23. Bxe4 Rd6 24. Qg3+ Bg4 25. Qxd6 Re8 26. f3
Be6 27. Qg3+ Kf8 28. Qg6 Ke7 29. Qg7+ Bf7 30. Bg6 Rf8 31. h4 Ke6 32. Bxf7+ Rxf7
33. Qg8 Ke7 34. h5 Rf8 35. Qg3 Rf7 36. h6 1-0

[Event "Open Semana Santa 2023"]
[Site "?"]
[Date "2023.06.15"]
[Round "4.94"]
[White "Mendez Gimenez, Nestor Emmanuel"]
[Black "Torres Rebolledo, Alvaro"]
[Result "1/2-1/2"]
[WhiteElo "1657"]
[BlackElo "2105"]
[PlyCount "98"]

1. e4 e5 2. Nf3 Nc6 3. d4 exd4 4. Bc4 Nf6 5. e5 d5 6. Bb5 Nd7 7. O-O Be7 8.
Nxd4 Nxd4 9. Qxd4 O-O 10. Nc3 c6 11. Bd3 Bc5 12. Qf4 Re8 13. b4 Bb6 14. Re1 Bc7
15. Bb2 Nxe5 16. Nxd5 Qxd5 17. Bc4 Qd7 18. Bxe5 Bxe5 19. Rxe5 Rxe5 20. Qxe5 b5
21. Re1 Bb7 22. Bd3 g6 23. Qe7 Rd8 24. Qxd7 Rxd7 25. Re8+ Kg7 26. Kf1 Rc7 27.
g3 a6 28. Re5 Kf6 29. f4 Re7 30. Rxe7 Kxe7 31. Be4 Kd6 32. Ke2 Bc8 33. Kd3 c5
34. c3 Bf5 35. Ke3 Bxe4 36. Kxe4 f5+ 37. Ke3 h6 38. h3 h5 39. h4 Ke6 40. bxc5
Kd5 41. c6 Kxc6 42. Kd4 Kd6 43. a3 a5 44. c4 b4 45. c5+ Kc6 46. axb4 axb4 47.
Kc4 b3 48. Kxb3 Kb5 49. c6 Kxc6 1/2-1/2

[Event "Open Semana Santa 2023"]
[Site "?"]
[Date "2023.04.07"]
[Round "4.95"]
[White "Pons Morro, Mateo"]
[Black "Bernardez Gonzalez, Roberto"]
[Result "1-0"]
[WhiteElo "2105"]
[BlackElo "1688"]
[PlyCount "69"]

1. e4 e5 2. Nf3 Nc6 3. d4 exd4 4. Nxd4 Nf6 5. Nxc6 bxc6 6. Bd3 d5 7. exd5 cxd5
8. O-O Be7 9. Nd2 O-O 10. c4 d4 11. Nb3 c5 12. Re1 Qc7 13. h3 Bb7 14. Bg5 Rfe8
15. Bxf6 Bxf6 16. Qh5 g6 17. Qxc5 Qf4 18. Qb5 Rxe1+ 19. Rxe1 Bh4 20. Re2 Rb8
21. Qe5 Bxf2+ 22. Kf1 Bxg2+ 23. Kxg2 Qxe5 24. Rxe5 Be3 25. Kf3 f6 26. Re7 a5
27. Ra7 Re8 28. Be4 Re5 29. Rxa5 Re7 30. Rb5 Re8 31. c5 f5 32. Bd5+ Kg7 33. c6
Bg5 34. Nxd4 Re3+ 35. Kg2 1-0